[Event "ARG-ch"]
[Site "Buenos Aires"]
[Date "1988.??.??"]
[Round "?"]
[White "Rubinetti, Jorge A"]
[Black "Soppe, Guillermo"]
[Result "0-1"]
[WhiteElo "2415"]
[BlackElo "2435"]

1.Nf3 d5 2.c4 e6 3.g3 g6 4.d4 Bg7 5.Bg2 Ne7 6.cxd5 exd5 7.Nc3 Nbc6 8.Bg5 h6
9.Bxe7 Nxe7 10.O-O O-O 11.b4 c6 12.Qb3 a6 13.a4 Be6 14.e3 Nf5 15.a5 Rc8 16.Na4 Rc7
17.Nc5 Bc8 18.Rfe1 Re8 19.Rad1 Rce7 20.Nd3 Nd6 21.Nfe5 Bf5 22.Rc1 Rc7 23.Bh1 Kh7
24.Bg2 f6 25.Nf3 g5 26.Nc5 Kh8 27.Nd2 Bc8 28.Qd1 Rce7 29.Qh5 Bf5 30.Bf1 Bh7
31.Bd3 f5 32.Nf3 Ne4 33.Ne5 Kg8 34.f4 Nf6 35.Qd1 Qd6 36.Qc2 Ne4 37.Qb3 Kh8
38.Re2 h5 39.Kg2 h4 40.Qd1 Rg8 41.Bxe4 fxe4 42.Qf1 hxg3 43.hxg3 gxf4 44.exf4 Bh6
45.Rc3 Qf6 46.Kf2 Reg7 47.Ke1 Rxg3 48.Rxg3 Rxg3 49.Rh2 Bxf4 50.Rf2 Rf3 51.Rxf3 exf3
52.Nxf3 Bg3+ 53.Ke2 Qf5 54.Nd2 Bf4 55.Qf3 Bg6 56.Nd3 Bh5 57.Nxf4 Bxf3+ 58.Kxf3 Qc2
59.Ke3 Qc3+ 60.Nd3 Kg7 61.Nf3 Kf6 62.Ne5 Ke6 63.Ng6 Qa1 64.Ngf4+ Kf5 65.Ne2 Qa3
66.Nc1 Qc3 67.Ne2 Qc2 68.Nc5 Qb1 69.Nd3 Kf6 70.Kd2 Qa2+ 71.Ke3 Ke7 72.Nc3 Qc2
73.Ne2 Kd6 74.Nc5 Kc7 75.Nf4 Qc1+ 76.Kf3 Qf1+ 77.Ke3 Qe1+  0-1

[Event "BUL-ch"]
[Site "BUL"]
[Date "1988.??.??"]
[Round "?"]
[White "Popchev, Milko"]
[Black "Radulov, Ivan"]
[Result "1/2-1/2"]
[WhiteElo "2470"]
[BlackElo "2435"]

1.Nf3 d5 2.c4 dxc4 3.Qa4+ Nd7 4.g3 e6 5.Bg2 a6 6.Qxc4 b5 7.Qc2 Bb7 8.O-O Ngf6
9.d3 Be7 10.Nc3 O-O 11.b3 c5 12.e4 Rc8 13.Bb2 Nb8 14.Qe2 Nc6 15.e5 Nd5 16.Ne4 Qb6
17.h4 Nd4 18.Nxd4 cxd4 19.Qg4 Nc3 20.h5 Kh8 21.h6 gxh6 22.Rfe1 Rg8 23.Qf4 Rg7
24.Bc1  1/2-1/2

[Event "Bytom"]
[Site "Bytom"]
[Date "1988.??.??"]
[Round "4"]
[White "Kazek, Krzysztof"]
[Black "Nisman, Boris I"]
[Result "1/2-1/2"]
[WhiteElo "2245"]
[BlackElo "2370"]

1.Nf3 d5 2.c4 c6 3.d4 Nf6 4.Qc2 Bg4 5.Ne5 e6 6.Nxg4 Nxg4 7.e3 Nd7 8.h3 Ngf6
9.Nc3 Bb4 10.Bd3 O-O 11.O-O h6 12.a3 Bd6 13.e4 dxe4 14.Nxe4 Nxe4 15.Bxe4 Nf6
16.Bf3 e5 17.dxe5 Bxe5 18.Be3 Qc7 19.Rad1 Rfe8 20.Rd2 Re6 21.Rfd1 Rae8 22.Rd3 Bf4
23.Bxf4 Qxf4 24.g3 Qf5 25.Kg2 g5 26.R3d2 Qc5 27.b4 Qe7 28.c5 Re5 29.Rd4 Kg7
30.Rd6 h5 31.R1d4 Rh8 32.Qd3 g4 33.hxg4 hxg4 34.Bxg4 Re1 35.Qf5 Re5 36.Qf3 Rh6
37.Bf5 Re1 38.Bd3 Reh1 39.Rg4+ Kf8 40.Rh4 Qe1 41.Qe3 Rh2+ 42.Rxh2 Rxh2+ 43.Kf3 Qd1+
44.Qe2 Qh1+ 45.Kf4 Qc1+ 46.Kf3 Qh1+ 47.Kf4 Qc1+ 48.Kf3 Qg5 49.Rd8+ Kg7 50.Qb2 Qh5+
51.Kf4 Qg4+ 52.Ke3 Qe6+ 53.Kf3 Qg4+ 54.Ke3 Qg5+ 55.Kf3 Qh5+ 56.Kf4 a5 57.Qd4 axb4
58.axb4 Qg4+ 59.Ke3 Qg5+ 60.Kf3 Qh5+ 61.Kf4  1/2-1/2

[Event "Cannes op"]
[Site "Cannes"]
[Date "1988.??.??"]
[Round "?"]
[White "Rukavina, Josip"]
[Black "Leskovar, Mario"]
[Result "1-0"]
[WhiteElo "2465"]
[BlackElo "2345"]

1.Nf3 d5 2.c4 e6 3.g3 Nf6 4.Bg2 Be7 5.O-O O-O 6.d4 c5 7.cxd5 exd5 8.b3 Ne4
9.Bb2 Bf6 10.Nc3 Re8 11.Rc1 Nc6 12.dxc5 Qa5 13.Qe1 Bxc3 14.Bxc3 Qxa2 15.b4 Bg4
16.b5 Bxf3 17.Bxf3 Ng5 18.Bg2 Rxe2 19.Qd1 Ne5 20.Bxe5 Rxe5 21.Rc2 Qb3 22.f4 Re7
23.fxg5 Qxb5 24.Bxd5 Rc8 25.Qf3 Rcc7 26.Kg2 g6 27.h4 h5 28.gxh6 Qa6 29.Qc3  1-0

[Event "Caorle op"]
[Site "Caorle"]
[Date "1988.??.??"]
[Round "4"]
[White "Sader, Michael"]
[Black "Huss, B."]
[Result "1-0"]
[WhiteElo "2170"]
[BlackElo "2090"]

1.Nf3 d5 2.c4 e6 3.g3 Nf6 4.Bg2 Be7 5.O-O O-O 6.b3 b6 7.Bb2 Bb7 8.d3 Nbd7
9.Nbd2 c5 10.e3 Rc8 11.Qc2 Qc7 12.Rad1 Rfd8 13.Rfe1 Qb8 14.a3 a6 15.Qb1 Qa8
16.h3 Bf8 17.e4 b5 18.cxd5 exd5 19.e5 Ne8 20.e6 fxe6 21.Ng5 Nc7 22.d4 g6
23.dxc5 e5 24.b4 d4 25.Nge4 Nd5 26.Nb3 Nb8 27.Na5 Nc6 28.Nxb7 Qxb7 29.Qa2 Kg7
30.Ng5 Qd7 31.h4 a5 32.Bh3 Qe7 33.Bxc8  1-0

[Event "Caorle op"]
[Site "Caorle"]
[Date "1988.??.??"]
[Round "6"]
[White "Sader, Michael"]
[Black "Mufic, Goran"]
[Result "1/2-1/2"]
[WhiteElo "2170"]
[BlackElo "2290"]

1.Nf3 d5 2.c4 c6 3.g3 Nf6 4.Bg2 Bf5 5.cxd5 cxd5 6.Qb3 Qb6 7.Qxb6 axb6 8.d3 Nc6
9.O-O e6 10.Nc3 Bc5 11.h3 h6 12.Bd2 O-O 13.a3 Nd4 14.Nxd4 Bxd4 15.Rab1 Rfc8
16.Rfc1 Ne8 17.Nb5 Rxc1+ 18.Bxc1 Be5 19.e4 dxe4 20.dxe4 Bg6 21.f4 Nd6 22.fxe5 Nxb5
23.Be3 Ra4 24.Rc1 Nd4 25.Rc8+ Kh7 26.Rc7 Nc6 27.Rxb7 Nxe5 28.Rxb6 Rc4 29.Rd6 Rc2
30.Rd2 Rc1+ 31.Kf2 Rb1 32.Bd4 Nc4 33.Rc2 e5 34.Rxc4 exd4 35.Rc2 f5 36.exf5 Bxf5
37.Rd2 g5 38.g4 Bg6 39.Bd5 Kg7 40.b3 Kf6 41.Rxd4 Rb2+ 42.Kg3 Ke5 43.Rd1 h5
44.h4 gxh4+ 45.Kxh4 hxg4 46.Kg5 Be4 47.Bxe4 Kxe4 48.b4 Ra2  1/2-1/2

[Event "Caorle op"]
[Site "Caorle"]
[Date "1988.??.??"]
[Round "8"]
[White "Sader, Michael"]
[Black "Karaklajic, Nikola"]
[Result "1/2-1/2"]
[WhiteElo "2170"]
[BlackElo "2405"]

1.Nf3 d5 2.c4 c6 3.g3 Nf6 4.Bg2 Bg4 5.cxd5 cxd5 6.Qb3 Bc8 7.O-O e6 8.d3 Nbd7
9.Nc3 Qb6 10.Qa4 Be7 11.Be3 Qc6 12.Qb3 a6 13.Rfc1 O-O 14.h3 Qd6 15.Bf4 Qb4
16.Qc2 b5 17.a3 Qc5 18.b4 Qa7 19.Be3 Qb8 20.Nd2 Bb7 21.Nb3 Rc8 22.Qd2 Bd8
23.Na5 Bc7 24.Na2 Bxa5 25.bxa5 Rxc1+ 26.Rxc1 Qd8 27.Bd4 Rc8 28.Rxc8 Qxc8
29.Qb2 Qc7 30.Qc3 Qxc3 31.Bxc3 Kf8 32.g4 Ke7 33.g5 Ne8 34.f4 g6 35.e4 dxe4
36.dxe4 Kd8 37.Bb4 e5 38.f5 Ng7 39.f6 Ne6 40.h4 Ndc5 41.Nc3 Kd7 42.Kf2 Nd3+
43.Ke3 Nxb4 44.axb4 Nd4 45.Na2 Kc7 46.Bh3 Bc8 47.Bxc8 Kxc8 48.Kf2 Nc6 49.Ke3 Kd7
50.Kd3 Ke6 51.Ke3 Kd6 52.Kd3 Kd7 53.Ke3 Ke8 54.Kf3 Kf8 55.Ke3 h6 56.Kd3 hxg5
57.hxg5 Ke8 58.Ke3 Kd7 59.Kd2 Nd4 60.Ke3 Ne6 61.Nc1 Nxg5 62.Nd3 Kd6 63.Nc5 Ne6
64.Nd3 Nd4 65.Kf2 Nc6 66.Kg3 Nb8 67.Nc5 Nc6 68.Nd3 Ke6 69.Nc5+ Kxf6 70.Nxa6 Ke7
71.Nc7 Nxb4 72.Nxb5 Na6 73.Na3 f6 74.Nc4 Nc5 75.Kf3 Kd7 76.Nb6+ Kd6 77.Nc8+ Ke6
78.Nb6 f5 79.Nc4 fxe4+ 80.Ke3 g5 81.Nd2 g4 82.Nf1 Kd5 83.Ke2 Kc6 84.Ne3 g3
85.Kf1 Kb5 86.Kg2 Kxa5 87.Nc4+ Kb4 88.Nxe5 Nd3 89.Kxg3 Kc3 90.Ng4 Kd2 91.Nh2 Ke2
92.Ng4 Kd1 93.Kg2 Ne1+ 94.Kg3  1/2-1/2

[Event "Copenhagen AS04"]
[Site "Copenhagen"]
[Date "1988.??.??"]
[Round "?"]
[White "Bang, Andreas"]
[Black "Kristensen, Bjarke"]
[Result "1-0"]
[WhiteElo "2280"]
[BlackElo "2400"]

1.Nf3 d5 2.c4 c6 3.d4 e6 4.Qc2 Nf6 5.Bg5 Nbd7 6.Nc3 h6 7.Bxf6 Nxf6 8.e3 Be7
9.O-O-O dxc4 10.Bxc4 b5 11.Be2 Bb7 12.Kb1 a6 13.e4 Qa5 14.e5 Nd5 15.Nxd5 cxd5
16.h4 Rc8 17.Qb3 Rc4 18.Bxc4 dxc4 19.Qc2 Bd5 20.Rh3 Kd7 21.Nd2 Rc8 22.Ne4 b4
23.Nc5+ Bxc5 24.dxc5 Rxc5 25.Rd4 Ke7 26.a3 Bxg2 27.Rg3 b3 28.Qc1 Bc6 29.f4 g6
30.Rc3 Bd5 31.h5 Rc8 32.hxg6 fxg6 33.Qe1 Qc5 34.Qh4+ Kd7 35.Rd1 Kc6 36.Qxh6 Qf8
37.Qh2 Qf5+ 38.Ka1 Rf8 39.Rd4 Qxe5 40.Qd2  1-0

[Event "Copenhagen AS04"]
[Site "Copenhagen"]
[Date "1988.??.??"]
[Round "?"]
[White "Bang, Andreas"]
[Black "Bjerring, Kai"]
[Result "1/2-1/2"]
[WhiteElo "2280"]
[BlackElo "2345"]

1.Nf3 d5 2.c4 e6 3.d4 Nf6 4.Nc3 Bb4 5.Qb3 c5 6.Bg5 Nc6 7.dxc5 Qa5 8.Bxf6 dxc4
9.Qxc4 gxf6 10.e3 Qxc5 11.Qxc5 Bxc5 12.O-O-O Ke7 13.Ne4  1/2-1/2

[Event "CUB-ch"]
[Site "?"]
[Date "1988.??.??"]
[Round "?"]
[White "Armas, Jorge"]
[Black "Lugo, Blas"]
[Result "1/2-1/2"]
[WhiteElo "2425"]
[BlackElo "2305"]

1.Nf3 d5 2.c4 c6 3.b3 dxc4 4.bxc4 e5 5.Nc3 Nd7 6.e3 Ngf6 7.Qc2 Bd6 8.Be2 O-O
9.d4 Re8 10.O-O Qe7 11.Rb1 b6 12.a4 c5 13.Ng5 Bb7 14.d5 e4 15.f4 exf3 16.gxf3 Nf8
17.f4 h6 18.Nf3 Bc8 19.Bd3 Bh3 20.Re1 Nh5 21.Ne4 Bc7 22.Bb2 Ng6 23.Ng3 Nh4
24.Qf2 Bg4 25.Nxh4 Qxh4 26.Nxh5 Qxh5 27.Qg3 f6 28.e4 g5 29.Rf1 gxf4 30.Rxf4 Bxf4
31.Qxf4 Re5 32.Bxe5 fxe5 33.Qg3 Rf8 34.Be2 Rf4 35.Rf1 Rxe4 36.Bf3 Rd4 37.d6 Qg5
38.Bd5+ Kh8 39.h3 Bxh3 40.Rf8+ Kg7 41.Rf7+ Kg6 42.Qxg5+ hxg5 43.d7 Bxd7 44.Rxd7 Kf5
45.Rxa7 e4 46.Kf2 Rd2+ 47.Ke3 Rd3+ 48.Ke2 Ra3 49.Rf7+ Kg4 50.Rf6 Rxa4 51.Rxb6 Kf5
52.Rb3 Kf4 53.Rb8 Ra2+ 54.Kd1 Ke3 55.Be6 Rg2 56.Re8 Kd3 57.Rd8+ Ke3 58.Rd5 g4
59.Rxc5 g3 60.Rg5 Kd3 61.Rd5+ Ke3 62.c5 Rf2 63.c6 g2 64.Rg5 Rd2+ 65.Kc1 Rd6
66.Bd7 Rxc6+  1/2-1/2

[Event "Delmenhorst"]
[Site "Delmenhorst"]
[Date "1988.??.??"]
[Round "?"]
[White "Schlemmermeyer, Wilhelm"]
[Black "Hermann, Manfred"]
[Result "1-0"]
[WhiteElo "2220"]
[BlackElo "2385"]

1.Nf3 d5 2.c4 c6 3.d4 Nf6 4.Nc3 dxc4 5.e4 b5 6.e5 Nd5 7.a4 e6 8.Ng5 Be7 9.h4 Bb7
10.Qf3 O-O 11.Qe4 f5 12.exf6 Nxf6 13.Qxe6+ Kh8 14.Be3 Qe8 15.axb5 cxb5 16.Be2 a6
17.Bf3 Bxf3 18.Nxf3 Bb4 19.Ng5 Nc6 20.d5 Ne5 21.O-O Bxc3 22.bxc3 h6 23.Nh3 Qxe6
24.dxe6 Nd5 25.Bd4 Nc6 26.Rad1 Nxd4 27.Rxd4 Nxc3 28.Re1 Rfd8 29.Rd7 Na4 30.Nf4 c3
31.h5 Kh7 32.Nd5 Rxd7 33.exd7 Rd8 34.Re7 c2 35.Nf6+  1-0

[Event "DEN-chB"]
[Site "?"]
[Date "1988.??.??"]
[Round "3"]
[White "Hartung Nielsen, Jens"]
[Black "Schmidt, Kresten"]
[Result "1-0"]
[WhiteElo "2270"]
[BlackElo "2330"]

1.Nf3 d5 2.c4 d4 3.g3 Nc6 4.d3 e5 5.Bg2 Bb4+ 6.Bd2 a5 7.O-O Nf6 8.Na3 O-O
9.Nc2 Bc5 10.a3 e4 11.Nfe1 e3 12.fxe3 dxe3 13.Bxe3 Bxe3+ 14.Nxe3 Qd4 15.Nc2 Qc5
16.Kh1 Qh5 17.Rxf6 gxf6 18.Nd5 Qe5 19.Qf1 f5 20.Qf4 Qxf4 21.gxf4 Ra6 22.Rb1 Na7
23.Nxc7 Rh6 24.Nd5 Re8 25.e3 Be6 26.b4 axb4 27.Rxb4 Bc8 28.d4 Rg6 29.c5 Nc6
30.Rb5 Kh8 31.Nc3 Reg8 32.Ne1 h5 33.d5 Ne7 34.Rb2 h4 35.Nf3 Ra6 36.a4 Ng6
37.Bf1 Ra5 38.Bb5 Rd8 39.Nd2 Ne7 40.d6 Nc6 41.Nc4 Ra8 42.Nb6 Rb8 43.Nxc8 Rbxc8
44.Nd5 Na5 45.Nc7 Kg7 46.Bd3 h3 47.Kg1 Kf6 48.Rb6 Rg8+ 49.Kf1 Nc6 50.Rxb7 Rg2
51.Nd5+ Kg6 52.Rb6 Rxh2 53.d7 Rh8 54.Rxc6+ Kg7 55.Rc8 Rh1+ 56.Kf2 Rh2+ 57.Kf3  1-0

[Event "Dornbirn op"]
[Site "Dornbirn"]
[Date "1988.??.??"]
[Round "?"]
[White "Fauland, Alexander"]
[Black "Feistenauer, Fred"]
[Result "1-0"]
[WhiteElo "2390"]
[BlackElo "2300"]

1.Nf3 d5 2.c4 dxc4 3.g3 Nf6 4.Bg2 g6 5.O-O Bg7 6.Na3 O-O 7.Nxc4 c5 8.Nfe5 Nfd7
9.Nxd7 Nxd7 10.d3 Rb8 11.Bf4 e5 12.Bd2 b6 13.Nd6 Qe7 14.Nxc8 Rfxc8 15.Qa4 Nf8
16.Rac1 Ne6 17.Rfe1 Rc7 18.b4 Rbc8 19.Bh3 cxb4 20.Bxb4 Rxc1 21.Bxe7 Rxe1+
22.Kg2 Rxe2 23.Bxe6 fxe6 24.Qd7 Rec2 25.Qxe6+ Kh8 26.Bd6 R2c6 27.Qe7 Kg8
28.h4 a6 29.Qd7 b5 30.g4 h6 31.Kf3 Rc2 32.h5 gxh5 33.gxh5 a5 34.Qxb5 R2c3
35.Ke4 Rc2 36.Ke3 Kh7 37.Qd7 Kh8 38.Qe7 a4 39.Bxe5 Bxe5 40.Qxe5+ Kh7 41.Qf5+ Kg7
42.Qg6+ Kf8 43.Qxh6+ Ke7 44.Qg7+ Ke6 45.h6 R2c7 46.Qg6+ Kd5 47.h7 Re7+ 48.Kd2 Rce8
49.Qf5+ Kd6 50.h8=Q  1-0

[Event "Dortmund op"]
[Site "Dortmund"]
[Date "1988.??.??"]
[Round "?"]
[White "Busch, Raimund"]
[Black "Prandstetter, Eduard"]
[Result "0-1"]
[WhiteElo "2370"]
[BlackElo "2395"]

1.Nf3 d5 2.c4 e6 3.b3 Nf6 4.g3 Be7 5.Bg2 O-O 6.O-O Nbd7 7.Bb2 c6 8.Qc2 b6
9.d3 Bb7 10.e4 Rc8 11.Nbd2 Qc7 12.e5 Ne8 13.Rae1 b5 14.h4 Ba6 15.Ng5 h6 16.Nh3 Bb4
17.Re3 Qa5 18.Rd1 Nc7 19.a3 Bxd2 20.Rxd2 Qb6 21.Nf4 Rfd8 22.Qd1 Nf8 23.cxb5 cxb5
24.g4 b4 25.a4 Ng6 26.Nxg6 fxg6 27.d4 Qc6 28.g5 h5 29.Rc2 Qd7 30.Qd2 Qe7
31.Rc5 Bb7 32.Bf1 Rf8 33.Re1 Qf7 34.Rec1 Na6 35.Rxc8 Rxc8 36.Rxc8+ Bxc8 37.Bd3 Nc7
38.Qc2 Kh7 39.Qe2 Kg8 40.a5 Bd7 41.Bc1 a6 42.Bd2 Bb5 43.Kg2 Bxd3 44.Qxd3 Kh7
45.Kg3 Qf8 46.f3 Nb5 47.Kf2 Qf7 48.Ke2 Qe7 49.Ke3 Qc7 50.f4 Qxa5 51.Be1 Qa1
52.Bxb4 Qg1+ 53.Kd2 Qf2+ 54.Kd1 Qxf4 55.Be1 Nxd4 56.Bg3 Qg4+ 57.Ke1 Nf3+
58.Kf2 Nxh4 59.Bxh4 Qxh4+ 60.Ke2 Qe4+ 61.Kd2 Qxd3+  0-1

[Event "Eger op"]
[Site "Eger"]
[Date "1988.??.??"]
[Round "?"]
[White "Kohlweyer, Bernd"]
[Black "Varga, Zoltan"]
[Result "1/2-1/2"]
[WhiteElo "2325"]
[BlackElo "2350"]

1.Nf3 d5 2.c4 e6 3.d4 c6 4.Qc2 Bd6 5.Nbd2 f5 6.g3 Qf6 7.Bg2 Nd7 8.Nb3 h6
9.h4 Ne7 10.Bf4 e5 11.dxe5 Nxe5 12.c5 Nxf3+ 13.Bxf3 Bxf4 14.gxf4 a5 15.a4 O-O
16.Qc3 Qe6 17.Rg1 Rf6 18.h5 Kh7 19.O-O-O Ng8 20.Rg3 Rf7 21.Rdg1 Nf6 22.e3 Qe7
23.Rg6 Bd7 24.Nxa5 Be8 25.b4 Qf8 26.Kb2 Rd7 27.Rxf6 Qxf6 28.Qxf6 gxf6 29.Kc3 Rg7
30.Ra1 Kg8 31.Nb3 Kf8 32.Nd4 Bd7 33.Ne2 Ke7 34.Ng3 Rag8 35.Rg1 Ke6 36.Kd4 Be8
37.Be2 Bd7 38.a5  1/2-1/2

[Event "Espoo"]
[Site "Espoo"]
[Date "1988.??.??"]
[Round "5"]
[White "Shneider, Aleksandr"]
[Black "Kekki, Petri"]
[Result "1-0"]
[WhiteElo "2465"]
[BlackElo "2230"]

1.Nf3 d5 2.c4 Nf6 3.cxd5 Nxd5 4.d4 g6 5.e4 Nb6 6.h3 Bg7 7.Nc3 O-O 8.Be2 c5
9.d5 Re8 10.a4 N6d7 11.O-O Na6 12.Bg5 h6 13.Bh4 Qa5 14.Ra3 Nf8 15.e5 g5 16.Bg3 Bf5
17.Bb5 Rec8 18.Nd2 Nb4 19.Nc4 Qd8 20.Ne3 Bh7 21.Qh5 Nc2 22.Nxc2 Bxc2 23.Bc4 Qb6
24.Qe2 Qg6 25.Nd1 e6 26.Ne3 Be4 27.f3 exd5 28.Ba2 Bf5 29.Nxd5 Re8 30.Nc7 Rad8
31.Nxe8 Rxe8 32.f4 Nd7 33.fxg5 hxg5 34.Rxf5 Qxf5 35.Rf3 Rxe5 36.Bxe5 Qxe5
37.Bxf7+ Kh8 38.Re3 Qxe3+ 39.Qxe3 Bd4 40.Kf2 Ne5 41.Bd5 Nd3+ 42.Ke2 Nf4+
43.Qxf4 gxf4 44.Kf3 Bxb2 45.Kxf4 b6 46.Bc4 Kg7 47.Kf5 Bd4 48.g4 Bf2 49.g5 Be1
50.Kg4 Bd2 51.h4 Be3 52.h5 Kh7 53.h6 Kg6 54.Bd3+ Kf7 55.g6+ Kg8 56.Bc4+  1-0

[Event "Frunze"]
[Site "Frunze"]
[Date "1988.??.??"]
[Round "?"]
[White "Yermolinsky, Alex"]
[Black "Timoshchenko, Gennadi A"]
[Result "1/2-1/2"]
[WhiteElo "2460"]
[BlackElo "2455"]

1.Nf3 d5 2.c4 e6 3.g3 Nf6 4.Bg2 Be7 5.O-O O-O 6.b3 c5 7.e3 Nc6 8.Bb2 b6 9.Nc3 Ba6
10.d3 Qc7 11.Qe2 Rad8 12.Rac1 Rd7 13.e4 dxc4 14.bxc4 Ng4 15.Nb5 Qb8 16.Ne1 Nh6
17.Nc2 Rfd8 18.Rfd1 Ne5 19.Ne1 Nc6 20.Nc2 Ne5 21.Ne1 Nc6  1/2-1/2

[Event "Frunze"]
[Site "Frunze"]
[Date "1988.??.??"]
[Round "?"]
[White "Kharitonov, Andrei Y"]
[Black "Kruppa, Yuri"]
[Result "1/2-1/2"]
[WhiteElo "2550"]
[BlackElo "2435"]

1.Nf3 d5 2.c4 e6 3.b3 Be7 4.Bb2 Nf6 5.e3 O-O 6.Be2 c5 7.O-O Nc6 8.cxd5 Nxd5
9.Nc3 Bf6 10.Qc1 b6 11.Nxd5 Bxb2 12.Qxb2 Qxd5 13.a3  1/2-1/2

[Event "Frunze"]
[Site "Frunze"]
[Date "1988.??.??"]
[Round "?"]
[White "Yurtaev, Leonid"]
[Black "Yermolinsky, Alex"]
[Result "1/2-1/2"]
[WhiteElo "2485"]
[BlackElo "2460"]

1.Nf3 d5 2.c4 dxc4 3.e3 Nf6 4.Bxc4 e6 5.d4 c5 6.O-O a6 7.dxc5 Qxd1 8.Rxd1 Bxc5
9.b3 Nbd7 10.Bb2 b5 11.Be2 Bb7 12.Nbd2 O-O 13.a4 bxa4 14.Rxa4 Nb6 15.Raa1 a5
16.Rdc1 Rfc8 17.Bd4 Bxd4 18.Nxd4 Rxc1+ 19.Rxc1 Bd5 20.Bf3  1/2-1/2

[Event "Geneve"]
[Site "Geneve"]
[Date "1988.??.??"]
[Round "?"]
[White "Cvitan, Ognjen"]
[Black "Mokry, Karel"]
[Result "1/2-1/2"]
[WhiteElo "2500"]
[BlackElo "2495"]

1.Nf3 d5 2.c4 c6 3.e3 Nf6 4.Nc3 g6 5.d4 Bg7 6.Be2 O-O 7.O-O dxc4 8.Bxc4 Bg4
9.h4 Bxf3 10.Qxf3 Nbd7 11.Rd1 e5 12.d5 e4 13.Qf4 Qe7 14.dxc6 bxc6 15.Bd2 Nb6
16.Bb3 Nbd5 17.Nxd5 Nxd5 18.Bxd5 cxd5  1/2-1/2

[Event "Regional-Liga NN"]
[Site "Germany"]
[Date "1988.??.??"]
[Round "?"]
[White "Sahlender, Frank"]
[Black "Juergensen, Michael"]
[Result "1-0"]
[WhiteElo "2235"]
[BlackElo "2240"]

1.Nf3 d5 2.c4 e6 3.d4 Nf6 4.Bg5 Be7 5.Nc3 O-O 6.cxd5 exd5 7.Qc2 c6 8.e3 Ne4
9.Bxe7 Qxe7 10.Bd3 f5 11.O-O Nd7 12.Rab1 a5 13.a3 Ng5 14.Nxg5 Qxg5 15.b4 axb4
16.axb4 Nf6 17.Ne2 Ne4 18.b5 Bd7 19.bxc6 bxc6 20.Rb7 Be8 21.Nf4 Qf6 22.Be2 Nd6
23.Rb4 g5 24.Nd3 f4 25.exf4 gxf4 26.Ne5 Rc8 27.Qa2 Rc7 28.Re1 Nf5 29.Bg4 Rg7
30.Bxf5 Qxf5 31.f3 Kh8 32.Rb8 Bh5 33.Qb1 Qf6 34.Re2 Rgg8 35.Rb7 Bg6 36.Qb2 Rc8
37.Ng4 Qd6 38.Ree7 Rge8 39.Qe2 Rxe7 40.Rxe7 c5 41.Re6 Qb8 42.dxc5 Rxc5 43.h3 Rc2
44.Qd1 Qa7+ 45.Kh2 d4 46.Rxg6 Rxg2+ 47.Kxg2 hxg6 48.Nf2 Qc5 49.Ne4 Qc4 50.Qd2 g5
51.Nxg5 d3 52.Ne4  1-0

[Event "BL2-W8788"]
[Site "Germany"]
[Date "1988.??.??"]
[Round "?"]
[White "Rieke, Theo"]
[Black "Kreutzkamp, Reinhold"]
[Result "1/2-1/2"]
[WhiteElo "2255"]
[BlackElo "2250"]

1.Nf3 d5 2.c4 c6 3.d4 Nf6 4.Nc3 g6 5.Bf4 Bg7 6.e3 O-O 7.h3 Bf5 8.Qb3 Qb6
9.Qxb6 axb6 10.cxd5 Nxd5 11.Nxd5 cxd5 12.Bb5 Rc8 13.O-O Nc6 14.Rfc1 f6 15.Bg3 Nb4
16.Rc7 Rxc7 17.Bxc7 Rxa2 18.Rxa2 Nxa2 19.Bxb6 Kf7 20.g4 Bc8 21.Ba4 Nb4 22.Ne1 Ke6
23.Be8 Bf8  1/2-1/2

[Event "BL2-SW8788"]
[Site "Germany"]
[Date "1988.??.??"]
[Round "?"]
[White "Schlueter, Wolfgang"]
[Black "Fromme, Ernst"]
[Result "1/2-1/2"]
[WhiteElo "2245"]
[BlackElo "2335"]

1.Nf3 d5 2.c4 d4 3.g3 g6 4.Bg2 Bg7 5.d3 e5 6.O-O Ne7 7.e3 dxe3 8.fxe3 Nbc6
9.Nc3 O-O 10.a3 Bf5 11.Ne1 Qd7 12.Nd5 Nxd5 13.cxd5 Ne7 14.Qb3 c6 15.dxc6 Nxc6
16.Bd2 Rad8 17.Rd1  1/2-1/2

[Event "Groningen op"]
[Site "Groningen"]
[Date "1988.??.??"]
[Round "?"]
[White "De Boer, Gert Jan"]
[Black "Vincent, Stephane"]
[Result "1-0"]
[WhiteElo "2390"]
[BlackElo "2270"]

1.Nf3 d5 2.c4 d4 3.g3 Nc6 4.d3 e5 5.Bg2 Bd6 6.O-O Nge7 7.Na3 a6 8.Nc2 Ng6
9.a3 a5 10.b3 O-O 11.Rb1 Re8 12.b4 h6 13.Nd2 f5 14.c5 Be7 15.Nc4 axb4 16.axb4 Be6
17.b5 Bxc4 18.bxc6 Bd5 19.Bxd5+ Qxd5 20.Nb4 Qe6 21.cxb7 Rab8 22.Qa4 Bxc5
23.Na6 Bb6 24.Nxb8 Rxb8 25.Bd2 Kh7 26.Rfc1 Rxb7 27.Qb5 Ra7 28.Ra1 Rxa1 29.Rxa1 e4
30.Ba5 Ne5 31.Bxb6 cxb6 32.Ra8 exd3 33.exd3 Nf3+ 34.Kg2 Ne1+ 35.Kf1 Nf3 36.Re8 Qg6
37.h4 Qg4 38.Qd5 Qh3+ 39.Ke2 Nh2 40.Qg8+ Kg6 41.Re6+ Kh5 42.Qf7+  1-0

[Event "Hastings op8889"]
[Site "Hastings"]
[Date "1988.??.??"]
[Round "?"]
[White "Suba, Mihai"]
[Black "Rowley, Robert"]
[Result "1/2-1/2"]
[WhiteElo "2550"]
[BlackElo "2400"]

1.Nf3 d5 2.c4 c6 3.e3 Nf6 4.Nc3 g6 5.d4 Bg7 6.b4 dxc4 7.Bxc4 O-O 8.O-O b5
9.Bb3 a5 10.bxa5 Qxa5 11.Bd2 b4 12.Na4 Ne4 13.Rc1 Ba6 14.Re1 Nd7 15.a3 Nxd2
16.Qxd2 Rfb8 17.Rb1 e6 18.axb4 Qxb4 19.Qc2 Qa3 20.Ng5 Bb5 21.Nc3 Bd3 22.Qxd3 Rxb3
23.Rxb3 Qxb3 24.Rb1 Qa3 25.h4 c5 26.Qe4 Nf6 27.Qb7 Rf8 28.Nb5 Qd3 29.Nd6 cxd4
30.exd4 Qxd4 31.Ndxf7 Qxh4 32.Nf3 Qe4 33.N7g5 Qxb7 34.Rxb7 Re8 35.Nd4 Ng4
36.Nc6 h6 37.Ne4 Ne5 38.Ne7+ Kf8 39.Nd6 Rd8 40.f4 Rxd6 41.fxe5 Rd4 42.Nxg6+ Kg8
43.Ne7+ Kh7 44.Nc6 Rc4 45.Nd8 Kg6 46.Nxe6 Bxe5 47.Nf8+ Kf5 48.Rf7+ Kg4 49.Nd7 Bd4+
50.Kf1 Rc1+ 51.Ke2 Rg1 52.Kd3 Ba1 53.Nf6+ Kh4 54.Ng8 h5 55.Rf2 Kg3 56.Ra2 Bh8
57.Ne7 Rxg2 58.Nf5+ Kh3 59.Rxg2 Kxg2 60.Ke2 Be5 61.Nh4+  1/2-1/2

[Event "Hastings8899"]
[Site "Hastings"]
[Date "1988.??.??"]
[Round "?"]
[White "Larsen, Bent"]
[Black "Short, Nigel D"]
[Result "1/2-1/2"]
[WhiteElo "2560"]
[BlackElo "2665"]

1.Nf3 d5 2.c4 d4 3.g3 Nc6 4.d3 e5 5.Bg2 Nf6 6.O-O a5 7.Na3 Bc5 8.Nc2 O-O
9.a3 Re8 10.Bg5 h6 11.Bxf6 Qxf6 12.Nd2 a4 13.Ne4 Qe7 14.Nxc5 Qxc5 15.Qd2 Bf5
16.Rab1 Qa5 17.Nb4 Nd8 18.Rbd1 c6 19.e4 dxe3 20.fxe3 Bg4 21.Bf3 Bh3 22.Bg2 Bg4
23.Bf3 Bh3 24.Bg2  1/2-1/2

[Event "Hradec Kralove"]
[Site "Hradec Kralove"]
[Date "1988.??.??"]
[Round "7"]
[White "Tichy, Vladimir"]
[Black "Efimov, Igor"]
[Result "1-0"]
[WhiteElo "2380"]
[BlackElo "2405"]

1.Nf3 d5 2.c4 d4 3.e3 c5 4.b4 dxe3 5.fxe3 cxb4 6.d4 e6 7.Bd3 Nc6 8.Bb2 Nge7
9.O-O Ng6 10.Nbd2 a5 11.d5 Nce7 12.Ne4 Nf5 13.Qe2 h5 14.Rad1 Qb6 15.Nd4 Be7
16.dxe6 fxe6 17.c5 Bxc5 18.Nxc5 Qxc5 19.Nxf5 exf5 20.Bxg7 Rh7 21.Bb5+ Kf7
22.Bd4 Qe7 23.Bc4+ Ke8 24.Bg8 Rh6 25.Qb5+ Qd7 26.Bf6  1-0

[Event "URS-FL56+"]
[Site "Klaipeda"]
[Date "1988.??.??"]
[Round "?"]
[White "Gavrikov, Viktor"]
[Black "Lukin, Andrei M"]
[Result "1/2-1/2"]
[WhiteElo "2545"]
[BlackElo "2430"]

1.Nf3 d5 2.c4 dxc4 3.Na3 c5 4.Nxc4 Nc6 5.g3 f6 6.Bg2 e5 7.O-O Be6 8.b3 Nh6
9.Bb2 Be7 10.d3 Nf5 11.e3 O-O 12.Qb1 Qd7 13.Rd1 Rfd8 14.Ne1 Rac8 15.Nd2 Bf8
16.Rc1 b6 17.Bc3 Nfe7 18.a3 Nd5 19.Bb2 Kh8 20.Ra2 Bf7 21.Ba1 Bg6 22.Bf1 Qe6
23.Nef3 Rc7 24.Nh4 Bf7 25.Rac2 a5 26.Re1 Re7 27.Rcc1 Ree8 28.Qc2 Qd7 29.Bb2 Rc8
30.Nhf3  1/2-1/2

[Event "RLPF-ch"]
[Site "Landau"]
[Date "1988.??.??"]
[Round "7"]
[White "Feibert, Fred"]
[Black "Kargoll, Peter"]
[Result "0-1"]
[WhiteElo "2225"]
[BlackElo "2245"]

1.Nf3 d5 2.c4 e6 3.g3 Nf6 4.Bg2 Be7 5.O-O O-O 6.b3 c5 7.Bb2 Nc6 8.d3 Qc7
9.Nbd2 Bd7 10.Re1 Rad8 11.a3 Bc8 12.Rb1 Rfe8 13.e4 dxc4 14.dxc4 e5 15.Nf1 Nd4
16.Ne3 Bd6 17.Nd2 a6 18.Bxd4 cxd4 19.Nd5 Nxd5 20.exd5 f5 21.b4 b6 22.Qb3 e4
23.Rbc1 Qa7 24.Qc2 Bf8 25.Nxe4 fxe4 26.Bxe4 g6 27.c5 bxc5 28.bxc5 d3 29.Qc3 Bxc5
30.Qxc5 Qxc5 31.Rxc5 d2 32.Rd1 Rxe4 33.Rxd2 Bb7 34.f4 Re7 35.d6 Red7 36.Rb2 Be4
37.Rb4 Bf5 38.Rc7 Rxd6 39.Rbb7 R8d7 40.Rxd7 Bxd7 41.h4 h5 42.Kf2 Kf7 43.Rb3 Kf6
44.Rc3 a5 45.Rc5 a4 46.Ke2 Bg4+ 47.Ke3 Bf5 48.Ke2 Rb6 49.Ra5 Rb2+ 50.Ke1 Bd7
51.Rd5 Ke7 52.Re5+ Kd6 53.Ra5 Rb3 54.Rg5 Be8 55.Kd2 Rxa3 56.Kc2 Rf3  0-1

[Event "Lienz op"]
[Site "Lienz"]
[Date "1988.??.??"]
[Round "?"]
[White "Klostermann, Markus"]
[Black "Mathe, Gaspar"]
[Result "0-1"]
[WhiteElo "2240"]
[BlackElo "2280"]

1.Nf3 d5 2.c4 c6 3.d4 Nf6 4.Nc3 e6 5.Bg5 Nbd7 6.cxd5 cxd5 7.e3 a6 8.Bd3 Bd6
9.O-O h6 10.Bh4 O-O 11.Rc1 b6 12.Qe2 Bb7 13.Rc2 Re8 14.Bg3 Bxg3 15.hxg3 Ne4
16.Rfc1 f5 17.Na4 b5 18.Nc5 Nexc5 19.dxc5 Bc6 20.b4 Qb8 21.Nd4 Ne5 22.f4 Nxd3
23.Qxd3 Qb7 24.g4 fxg4 25.Qg6 Rac8 26.Qxg4 Qf7 27.Nf3 Qf6 28.Rd2 Re7 29.Ne5 Rec7
30.Rd3 Ra8 31.Ra3 Kh7 32.Qe2 Be8 33.Rcc3 g5 34.Ng4 Qg7 35.e4 h5 36.exd5 hxg4
37.d6 Qd4+ 38.Kh1 Rf7 39.Qxg4 Rf5 40.Rd3 Qg7 41.fxg5 Rf1+ 42.Kh2 Qe5+ 43.Rg3 Qe1
44.Rh3+ Kg8  0-1

[Event "Lloyds Bank op"]
[Site "London"]
[Date "1988.??.??"]
[Round "?"]
[White "Suba, Mihai"]
[Black "Sadler, Matthew"]
[Result "1/2-1/2"]
[WhiteElo "2535"]
[BlackElo "2385"]

1.Nf3 d5 2.c4 dxc4 3.Na3 c5 4.Nxc4 Nc6 5.e3 Nf6 6.b3 g6 7.Bb2 Bg7 8.Be2 O-O
9.O-O Nd5 10.Bxg7 Kxg7 11.Qc1 f6 12.d4 cxd4 13.Nxd4 Nxd4 14.exd4 Be6 15.Bf3 Bf7
16.Re1 Re8 17.h4 Qd7 18.Qa3 e6 19.Rac1 Red8 20.g3 h6 21.Kg2 b6 22.Re2 Rac8
23.Rec2 g5 24.h5 Rc7 25.Ne3 Rxc2 26.Rxc2 Ne7 27.g4 a5 28.b4 Qd6 29.Nc4 Qxb4
30.Qxb4 axb4 31.Nxb6 Rxd4 32.Rc7 Nd5 33.Nxd5 exd5 34.Rb7 Kg8 35.Rb8+ Kg7
36.Rb7 Kf8 37.Rb8+ Kg7  1/2-1/2